000 00361nam a2200145Ia 4500
008 230917s9999||||xx |||||||||||||| ||und||
040 _e37638
_aMAIN
041 _aEnglish
082 _a821.8 E46S:I
100 _aSrivastava, S B
245 0 _aImagery in T S Eliat's poetry
260 _aNew Delhi
_bVikas Publications
_c1984
300 _a161 p.
942 _cBK
999 _c42126
_d42126